Carte routière pour automobilistes & cyclists : environs de Paris, section nord-est.

Bibliographic Details
Corporate Author: Cartes Taride (Firm)
Format: Map
Language:French
Published: Paris : Taride, [1919?]
Subjects:

MARC

Tag First Indicator Second Indicator Subfields
LEADER 00000cem a2200000 i 4500
001 in00001396721
005 20151020052607.0
008 800208s1919 fr a 0 a fre d
035 |a (OCoLC)05968317 
035 |9 AHM4884AM 
040 |a QWC  |c QWC  |d TXA  |d UtOrBLW 
043 |a e-fr--- 
049 |a TXAC 
052 |a 5831 
090 |a G5834.P3E63 1919  |b .T3 
092 |a 914.436  |b T186 
110 2 |a Cartes Taride (Firm) 
245 1 0 |a Carte routière pour automobilistes & cyclists :  |b environs de Paris, section nord-est. 
255 |a 1:250,000;  |b scale nearly 4 miles to an inch. 
264 1 |a Paris :  |b Taride,  |c [1919?] 
300 |a 1 map :  |b color ;  |c 65 x 85 cm. 
336 |a cartographic image  |b cri  |2 rdacontent 
337 |a unmediated  |b n  |2 rdamedia 
338 |a sheet  |b nb  |2 rdacarrier 
500 |a "No. 3." 
500 |a Cartographic material. 
650 0 |a Bicycle trails  |z France  |z Paris  |x Maps. 
651 0 |a Paris (France)  |v Maps. 
999 |a MARS 
999 f f |s 314ccf4a-4424-3be8-9212-80b63ecc0f73  |i 17757654-7a0e-3d79-b949-0ca1e0c119ab  |t 0 
952 f f |p normal  |a Texas A&M University  |b College Station  |c Sterling C. Evans Library  |d Evans: Maps (2nd floor)  |t 0  |e G5834.P3 E63 1919 .T3  |h Library of Congress classification  |i unmediated -- sheet  |m A14821989402 
998 f f |a G5834.P3 E63 1919 .T3  |t 0  |l Evans: Maps (2nd floor)